00509cam a22001692 4500001001100000005001700011008004100028020002800069040001500097050001800112100003000130245006400160250001200224260004100236300001700277650004500294000000402320151217145750.0070517s xx 000 0 eng d a0672321092 :cGBP 26.09 aKABUcKABU 0aQA76.64b.S561 aSintes, Tony.@000015435210aSams teach yourself object oriented programming in 21 days. a2nd ed. aSt. Indianapolis, IN :bSAMS,c2002. axvii, 698 p. 0aObject-oriented programming.@0000148164